| 000 | 00739cam a2200193 a 4500 | ||
|---|---|---|---|
| 005 | 2012010903513.0 | ||
| 020 |
_a9788187649946 _c90.00 |
||
| 037 | _bPUB | ||
| 100 |
_aPrabhjot Kaur _938631 |
||
| 245 |
_aDaddoo's day out / _cby Prabhjot Kaur |
||
| 260 |
_aNew Delhi _bKatha _c2010 |
||
| 270 |
_aA3 Sarvodaya Enclave Sri Aurobindo Marg, _bNew Delhi _e110017 _k26524350 _l26514373 _mkathavilasam@katha.org |
||
| 300 |
_aunpages _c24cm(pbk) _bill. |
||
| 650 |
_aShort stories, Indic _xTranslations into English. _938632 |
||
| 650 |
_aIndic fiction _y20th century _xTranslations into English. _938633 |
||
| 700 |
_a Trauer, Sophie _938630 |
||
| 942 |
_2ddc _cCH _mPRA |
||
| 999 |
_c60503 _d60503 |
||